| 000 | 02035cam a22005054i 4500 | ||
|---|---|---|---|
| 003 | PE-LiUPU | ||
| 005 | 20250731173350.0 | ||
| 008 | 150706s1999 idu r 000 0 spa d | ||
| 035 | _a(Sirsi) a48109 | ||
| 040 |
_aPE-LiUPU _bspa _cPE-LiUPU _erda |
||
| 049 | _aPRUA | ||
| 082 | 0 | 4 |
_a286.732 _bEM _221 |
| 082 | 0 | 4 |
_a286.73205 _bEM _221 |
| 100 | 1 |
_aEdwards, Rex D., _eautor. |
|
| 245 | 1 | 0 |
_aCada creyente, un ministro / _cRex D. Edwards. |
| 264 | 1 |
_aNampa, Idaho : _bPacific Press, _c1999. |
|
| 300 |
_a106 páginas ; _c22 centímetros. |
||
| 336 |
_atext _2rdacontent |
||
| 337 |
_aunmediated _2rdamedia |
||
| 338 |
_avolume _2rdacarrier |
||
| 490 | 0 |
_aEdiciones Ministeriales ; _v5 |
|
| 505 | 0 | _aLos envié al mundo -- Fueron y predicaron en todas partes -- Somos embajadores de Cristo -- Un sacerdocio real -- Para el bien de los demás -- Me seréis testigos. | |
| 526 | _aSEG42 | ||
| 526 | _aSEG41 | ||
| 526 | _aSEG40 | ||
| 526 | _aSEG39 | ||
| 526 | _aP94 | ||
| 526 | _aP87 | ||
| 526 | _aP86 | ||
| 526 | _aP85 | ||
| 526 | _aP77 | ||
| 526 | _aP76 | ||
| 526 | _aP35 | ||
| 650 | 0 | 4 | _aAdventistas del séptimo día. |
| 910 |
_agl _bjv _clch _d20100217 |
||
| 942 |
_2ddc _cBOOK |
||
| 949 |
_a286.732 EM 5 _wDEWEY _c1 _i60982 _lCCODEBUL1 _mBUL _p10.00 _r0 _sY _tLIBRO _u2015-07-06 _xTEOLOGIA _zUNKNOWN _o.STAFF. Colección Teología |
||
| 949 |
_a286.732 EM 5 _wDEWEY _c2 _i60981 _lCCODEBUL1 _mBUL _p10.00 _r0 _sY _tLIBRO _u2015-07-06 _xTEOLOGIA _zUNKNOWN _o.STAFF. Colección Teología |
||
| 994 |
_aC0 _bPEPRU |
||
| 596 | _a1 4 | ||
| 999 |
_a286.732 EM 5 _wDEWEY _c50325 _i60981 _d50325 _e2020-1-28 _f2021-11-12 _g6 _lCCODEBUL1 _mBUL _n1 _p10.00 _q1 _r0 _sY _tBOOK _u2015-7-6 _xTEOLOGIA _PP35 _o.STAFF. Colección Teología |
||
| 999 |
_a286.73205 EM 5 _wDEWEY _c1 _iCW60982 _f2021-12-22 _g2 _lCCODECWL1 _mBWL _p10.00 _r0 _sY _tBOOK _u2015-7-6 _xWHITE _zUNKNOWN _o.STAFF. Centro White |
||
| 980 |
_81 _gALBERTO SANCHEZ Responsable de Automatización |
||